[Event "15. Amber Blindfold"]
[Site "Monte Carlo MNC"]
[Date "2006.03.24"]
[Round "6.1"]
[White "Svidler, Peter"]
[Black "Van Wely, Loek"]
[Result "1/2-1/2"]
[WhiteElo "2765"]
[BlackElo "2647"]
[PlyCount "67"]
[EventDate "2006.03.18"]
[EventType "tourn"]
[EventRounds "11"]
[EventCountry "MNC"]
[EventCategory "19"]
[Source "lmi"]
[SourceDate "2006.04.01"]

1. e4 c5 2. Nf3 Nc6 3. Bb5 e6 4. Bxc6 bxc6 5. d3 Qc7 6. Qe2 Ne7 7. h4 h5 8. e5
Nf5 9. Nbd2 Nd4 10. Nxd4 cxd4 11. Qe4 Bb7 12. Qxd4 c5 13. Qf4 Bxg2 14. Rg1 Bd5
15. Ne4 Bxe4 16. Qxe4 Rb8 17. b3 Qb7 18. Be3 Qxe4 19. dxe4 f6 20. f4 Kf7 21.
O-O-O Rb7 22. exf6 gxf6 23. f5 c4 24. Kb2 a5 25. Rgf1 Rg8 26. fxe6+ Kxe6 27.
Rd5 a4 28. Bd4 Be7 29. Rdf5 cxb3 30. cxb3 Rg2+ 31. R1f2 Rxf2+ 32. Rxf2 axb3 33.
axb3 Rb5 34. Kc3 1/2-1/2

[Event "15. Amber Blindfold"]
[Site "Monte Carlo MNC"]
[Date "2006.03.28"]
[Round "9.2"]
[White "Nielsen, Peter Heine"]
[Black "Anand, Viswanathan"]
[Result "1/2-1/2"]
[WhiteElo "2644"]
[BlackElo "2792"]
[PlyCount "40"]
[EventDate "2006.03.18"]
[EventType "tourn"]
[EventRounds "11"]
[EventCountry "MNC"]
[EventCategory "19"]
[Source "lmi"]
[SourceDate "2006.04.01"]

1. d4 Nf6 2. c4 e6 3. g3 c5 4. Nf3 cxd4 5. Nxd4 Qc7 6. Nc3 Bb4 7. Qb3 Bc5 8.
Be3 a6 9. Na4 d6 10. Nxc5 dxc5 11. Nf3 e5 12. Bg2 O-O 13. O-O Re8 14. Bg5 Nbd7
15. Nd2 Rb8 16. Rfd1 h6 17. Bxf6 Nxf6 18. Ne4 Nxe4 19. Bxe4 b5 20. cxb5 axb5
1/2-1/2

[Event "15. Amber Blindfold"]
[Site "Monte Carlo MNC"]
[Date "2006.03.28"]
[Round "9.3"]
[White "Aronian, Levon"]
[Black "Gelfand, Boris"]
[Result "0-1"]
[WhiteElo "2752"]
[BlackElo "2723"]
[PlyCount "86"]
[EventDate "2006.03.18"]
[EventType "tourn"]
[EventRounds "11"]
[EventCountry "MNC"]
[EventCategory "19"]
[Source "lmi"]
[SourceDate "2006.04.01"]

1. e4 c5 2. Nc3 e6 3. Nf3 d6 4. d4 cxd4 5. Nxd4 Nc6 6. Be3 Nf6 7. Bc4 Be7 8.
Qe2 O-O 9. O-O-O Bd7 10. Bb3 Nxd4 11. Bxd4 b5 12. e5 dxe5 13. Qxe5 b4 14. Ne4
Bc6 15. Nc5 Qb8 16. Qe3 Bd6 17. Na6 Bf4 18. Nxb8 Bxe3+ 19. Bxe3 Rfxb8 20. f3
Nd5 21. Bf2 a5 22. Bc4 Rc8 23. Rd2 Bb7 24. Bd3 a4 25. Rhd1 a3 26. b3 Nc3 27.
Bd4 Nxd1 28. Rxd1 f6 29. Bc4 Bd5 30. Bxd5 exd5 31. Bf2 Ra5 32. Rd3 Kf7 33. Kd2
Ra6 34. Kd1 Rac6 35. Rd2 h5 36. Bd4 g5 37. h3 g4 38. fxg4 hxg4 39. h4 g3 40.
Be3 Rh8 41. Rd4 Re6 42. Ke2 Rhe8 43. Re4 Rxe4 0-1

[Event "15. Amber Blindfold"]
[Site "Monte Carlo MNC"]
[Date "2006.03.29"]
[Round "10.5"]
[White "Anand, Viswanathan"]
[Black "Aronian, Levon"]
[Result "1-0"]
[WhiteElo "2792"]
[BlackElo "2752"]
[PlyCount "145"]
[EventDate "2006.03.18"]
[EventType "tourn"]
[EventRounds "11"]
[EventCountry "MNC"]
[EventCategory "19"]
[Source "lmi"]
[SourceDate "2006.04.01"]

1. e4 e5 2. Nf3 d6 3. d4 exd4 4. Nxd4 Nf6 5. Nc3 Be7 6. g3 d5 7. e5 Ng4 8. Bg2
Nxe5 9. Qe2 Nbc6 10. Nxc6 Nxc6 11. Nxd5 Be6 12. O-O O-O 13. Rd1 Bd6 14. Bf4 Re8
15. Ne3 Qe7 16. Bxd6 cxd6 17. Rd2 Rad8 18. Rad1 Qc7 19. c4 Qb6 20. b3 Qb4 21.
Qd3 Qc5 22. Qb1 Rd7 23. Qb2 a5 24. h3 h6 25. Nd5 Ne5 26. Nf4 Bf5 27. Rd5 Qc7
28. Rb5 Qd8 29. Qd4 Bc2 30. Rc1 Nc6 31. Qb6 Qxb6 32. Rxb6 Be4 33. Re1 Rde7 34.
Rxe4 Rxe4 35. Bxe4 Rxe4 36. Rxb7 Nb4 37. Rb5 Nxa2 38. Rxa5 Nc1 39. Rb5 g5 40.
Ng2 Re2 41. Ne3 Nd3 42. Ng4 Kg7 43. Rd5 Nc5 44. Rxd6 Ne4 45. Rd5 h5 46. Ne3 Kg6
47. Nd1 g4 48. hxg4 hxg4 49. Kf1 Rc2 50. Ke1 Rc1 51. Ke2 Rb1 52. Kd3 f5 53. Kc2
Ra1 54. Kb2 Ra7 55. b4 Rf7 56. b5 f4 57. gxf4 Rxf4 58. Rd4 Kf5 59. Ka3 Ke5 60.
Rd5+ Ke6 61. Kb4 Nd6 62. Rc5 Rf3 63. Rc6 Kd7 64. Nc3 Rf4 65. Nd5 Rxf2 66. Nb6+
Ke7 67. Nc8+ Nxc8 68. Rxc8 Kf7 69. Rd8 g3 70. Rd3 g2 71. Rg3 Re2 72. c5 Ke6 73.
Ka5 1-0

[Event "15. Amber Blindfold"]
[Site "Monte Carlo MNC"]
[Date "2006.03.30"]
[Round "11.1"]
[White "Aronian, Levon"]
[Black "Svidler, Peter"]
[Result "1-0"]
[WhiteElo "2752"]
[BlackElo "2765"]
[PlyCount "49"]
[EventDate "2006.03.18"]
[EventType "tourn"]
[EventRounds "11"]
[EventCountry "MNC"]
[EventCategory "19"]
[Source "lmi"]
[SourceDate "2006.04.01"]

1. Nc3 c5 2. Nf3 e6 3. d4 cxd4 4. Nxd4 a6 5. g3 Qc7 6. Bg2 Nf6 7. O-O Be7 8. a4
Nc6 9. Nb3 b6 10. a5 b5 11. Bf4 d6 12. Nd4 Nxd4 13. Bxa8 Nc6 14. Qd3 O-O 15.
Rfd1 Rd8 16. Nxb5 axb5 17. Qxb5 Nd4 18. Rxd4 Qa7 19. Qb6 Qxa8 20. Bxd6 e5 21.
Rdd1 Bh3 22. f3 Bf8 23. Bxf8 Rxf8 24. a6 Rb8 25. Qb7 1-0

[Event "15. Amber Rapid"]
[Site "Monte Carlo MNC"]
[Date "2006.03.20"]
[Round "3.3"]
[White "Nielsen, Peter Heine"]
[Black "Topalov, Veselin"]
[Result "1-0"]
[WhiteElo "2644"]
[BlackElo "2801"]
[PlyCount "65"]
[EventDate "2006.03.18"]
[EventType "tourn"]
[EventRounds "11"]
[EventCountry "MNC"]
[EventCategory "19"]
[Source "lmi"]
[SourceDate "2006.04.01"]

1. d4 Nf6 2. Nf3 e6 3. c4 c5 4. g3 cxd4 5. Nxd4 d5 6. Bg2 e5 7. Nf3 d4 8. O-O
Nc6 9. e3 Be7 10. exd4 exd4 11. Bf4 Be6 12. Qb3 Qb6 13. Nbd2 O-O 14. Ne5 Rac8
15. Ndf3 Nxe5 16. Nxe5 Nh5 17. Qxb6 axb6 18. Bd2 Rc7 19. Rfe1 Rd8 20. b3 h6 21.
a4 Bc5 22. Nd3 Rdc8 23. a5 Nf6 24. b4 Bd6 25. axb6 Rxc4 26. Bxb7 Rb8 27. Ra8
Nd7 28. Rxb8+ Bxb8 29. Nc5 Nxc5 30. bxc5 Rxc5 31. Ra1 Rc2 32. Bf4 Bxf4 33. Ra8+
1-0

[Event "15. Amber Rapid"]
[Site "Monte Carlo MNC"]
[Date "23.15.22"]
[Round "4.5"]
[White "Topalov, Veselin"]
[Black "Van Wely, Loek"]
[Result "0-1"]
[WhiteElo "2723"]
[BlackElo "2647"]
[PlyCount "84"]
[EventDate "2006.03.18"]
[EventType "tourn"]
[EventRounds "11"]
[EventCountry "MNC"]
[EventCategory "19"]
[Source "lmi"]
[SourceDate "2006.04.01"]
[WhiteTeam "Bulgaria"]
[BlackTeam "Netherlands"]
[WhiteTeamCountry "BUL"]
[BlackTeamCountry "NED"]

1. d4 d5 2. c4 c6 3. Nf3 Nf6 4. Nc3 e6 5. Bg5 dxc4 6. a4 Bb4 7. g3 c5 8. dxc5
Qxd1+ 9. Rxd1 Nbd7 10. Bg2 Nxc5 11. Nd2 Bd7 12. O-O Bxc3 13. bxc3 Bxa4 14. Ra1
O-O 15. Be3 Nfd7 16. Bxb7 Nxb7 17. Rxa4 Nd6 18. Rb1 a6 19. Nxc4 Nb5 20. Rb3
Rfc8 21. Kf1 Rab8 22. Ke1 Rc6 23. Nb6 Rbxb6 24. Bxb6 Rxb6 25. Rab4 Rc6 26. c4
Nd6 27. c5 Rxc5 28. Rd4 Rc1+ 29. Kd2 Rc6 30. Rbd3 Nc5 31. Ra3 Kf8 32. Rh4 g5
33. Rb4 a5 34. Rb8+ Kg7 35. Ra1 a4 36. Ke1 Nb3 37. Rd1 Nc4 38. f3 Rb6 39. Rc8
Rb4 40. Ra8 a3 41. Ra7 Nba5 42. Ra1 Rb2 0-1

[Event "15. Amber Rapid"]
[Site "Monte Carlo MNC"]
[Date "2006.03.23"]
[Round "5.3"]
[White "Van Wely, Loek"]
[Black "Nielsen, Peter Heine"]
[Result "1-0"]
[WhiteElo "2647"]
[BlackElo "2644"]
[PlyCount "141"]
[EventDate "2006.03.18"]
[EventType "tourn"]
[EventRounds "11"]
[EventCountry "MNC"]
[EventCategory "19"]
[Source "lmi"]
[SourceDate "2006.04.01"]
[WhiteTeamCountry "UKR"]
[BlackTeamCountry "HUN"]

1. d4 Nf6 2. c4 e6 3. Nf3 d5 4. Nc3 Be7 5. Bg5 Nbd7 6. cxd5 Nxd5 7. Bxe7 Qxe7
8. e4 Nxc3 9. bxc3 c5 10. Bd3 O-O 11. O-O e5 12. d5 Nf6 13. Nd2 Ne8 14. a4 Nd6
15. Qe2 Bd7 16. Rfb1 Rac8 17. Bb5 Bxb5 18. axb5 b6 19. Nc4 Nxc4 20. Qxc4 Rfd8
21. Qe2 Rc7 22. c4 g6 23. Rb3 Rd6 24. g3 h5 25. Rba3 Kg7 26. f4 h4 27. Qb2 f6
28. Re1 hxg3 29. hxg3 Rd8 30. g4 Rh8 31. g5 Kg8 32. Re2 Qd6 33. Rg2 Re7 34.
gxf6 Qxf6 35. f5 Qh4 36. Rag3 Qxe4 37. Qc3 Qb1+ 38. Kf2 Qxf5+ 39. Rf3 Qe4 40.
Qe3 Qxe3+ 41. Kxe3 Kg7 42. Rfg3 Rh6 43. Ke4 Rh4+ 44. Rg4 Rxg4+ 45. Rxg4 Kf6 46.
d6 Rh7 47. Kd5 g5 48. Rg1 e4 49. Rf1+ Kg6 50. Kxe4 Rh4+ 51. Ke5 Rd4 52. Ke6
Re4+ 53. Kd5 Rd4+ 54. Kc6 Rxc4 55. Rd1 Rh4 56. d7 Rh8 57. d8=Q Rxd8 58. Rxd8
Kf5 59. Kd5 Kf4 60. Rf8+ Ke3 61. Rg8 Kf4 62. Rf8+ Ke3 63. Rg8 Kf4 64. Kc4 g4
65. Kd3 Kf3 66. Rf8+ Kg2 67. Ke2 g3 68. Rg8 c4 69. Rc8 Kg1 70. Rxc4 g2 71. Rg4
1-0

[Event "15. Amber Rapid"]
[Site "Monte Carlo MNC"]
[Date "2006.03.29"]
[Round "10.4"]
[White "Nielsen, Peter Heine"]
[Black "Svidler, Peter"]
[Result "1/2-1/2"]
[WhiteElo "2644"]
[BlackElo "2765"]
[PlyCount "48"]
[EventDate "2006.03.18"]
[EventType "tourn"]
[EventRounds "11"]
[EventCountry "MNC"]
[EventCategory "19"]
[Source "lmi"]
[SourceDate "2006.04.01"]
[WhiteTeamCountry "UKR"]
[BlackTeamCountry "HUN"]

1. d4 d5 2. c4 c6 3. Nf3 Nf6 4. Nc3 dxc4 5. a4 e6 6. e3 c5 7. Bxc4 Nc6 8. O-O
cxd4 9. exd4 Be7 10. Re1 O-O 11. Bg5 Bd7 12. Qd2 Nb4 13. Rad1 Rc8 14. d5 exd5
15. Bxd5 Bc6 16. Bxc6 Qxd2 17. Rxd2 Nxc6 18. Bxf6 Bxf6 19. Nd5 Rfd8 20. Nxf6+
gxf6 21. g3 Rxd2 22. Nxd2 Ne5 23. Kg2 Kg7 24. Nf3 Rc4 1/2-1/2

[Event "15. Amber Rapid"]
[Site "Monte Carlo MNC"]
[Date "2006.03.29"]
[Round "10.5"]
[White "Aronian, Levon"]
[Black "Anand, Viswanathan"]
[Result "1/2-1/2"]
[WhiteElo "2752"]
[BlackElo "2792"]
[PlyCount "42"]
[EventDate "2006.03.18"]
[EventType "tourn"]
[EventRounds "11"]
[EventCountry "MNC"]
[EventCategory "19"]
[Source "lmi"]
[SourceDate "2006.04.01"]
[WhiteTeamCountry "UKR"]
[BlackTeamCountry "HUN"]

1. e4 e5 2. Bc4 Nf6 3. d3 Bc5 4. f4 d5 5. exd5 Ng4 6. d4 Bxd4 7. Nf3 Bf2+ 8.
Kf1 Bb6 9. fxe5 Nf2 10. Qe1 O-O 11. Bg5 f6 12. d6+ Kh8 13. exf6 gxf6 14. dxc7
Bxc7 15. Kxf2 fxg5 16. Qc3+ Qf6 17. Qxf6+ Rxf6 18. Re1 Bb6+ 19. Kg3 Bc7+ 20.
Kf2 Bb6+ 21. Kg3 Bc7+ 1/2-1/2

[Event "15. Amber Rapid"]
[Site "Monte Carlo MNC"]
[Date "2006.03.30"]
[Round "11.1"]
[White "Svidler, Peter"]
[Black "Aronian, Levon"]
[Result "0-1"]
[WhiteElo "2765"]
[BlackElo "2752"]
[PlyCount "80"]
[EventDate "2006.03.18"]
[EventType "tourn"]
[EventRounds "11"]
[EventCountry "MNC"]
[EventCategory "19"]
[Source "lmi"]
[SourceDate "2006.04.01"]
[WhiteTeamCountry "UKR"]
[BlackTeamCountry "HUN"]

1. e4 Nc6 2. Nf3 e6 3. d4 d5 4. Nbd2 Nf6 5. e5 Ng4 6. Nb3 Bd7 7. c3 f6 8. Nh4
f5 9. Nf3 Nh6 10. c4 dxc4 11. Bxc4 Nf7 12. O-O Qe7 13. Nc5 Ncxe5 14. Nxe5 Nxe5
15. Bb3 O-O-O 16. Qe2 Ng6 17. Nxd7 Rxd7 18. Bxe6 Kb8 19. Bg5 Qxg5 20. Bxd7 Bd6
21. g3 Rd8 22. Qb5 Ne7 23. Be6 h5 24. f4 Qf6 25. Qc4 h4 26. g4 g5 27. gxf5 Nxf5
28. Qd5 Nxd4 29. Bg4 gxf4 30. Rad1 Nc2 31. Bf3 c6 32. Qb3 Ne3 33. Bxc6 Qg7+ 34.
Kh1 Nxf1 35. Rxf1 Bc5 36. Bg2 Rd2 37. Qf3 Be3 38. Qe4 a6 39. b4 h3 40. Bf3 Rxa2
0-1